000 00992nam a22002057a 4500
005 20120912164212.0
010 _aB-472683, UR-8082
020 _c220.00
035 _aB-472683, U-6637
037 _bBPPD
100 _aقد و ا ئ، محمد ہا شم
_954745
245 _aڈ ا کٹر محمد ہا شم قد و ا ئ کے تبصر ے /
_cمحمد ہا شم قد و ا ئ
246 _aMohammad Hashim Kidwai ke Tabserey
_bComp.and edited byMohd. Arif Iqbal
260 _a1739/3،نيو کو ہ نو د ہو ٹل پڈ و د ی ہا ؤس دھلی
_bا ر د و بک ر يو ءيو
_c2011
300 _a264 ص
_c22 Cm.(B.b)
500 _aدو حصہ
942 _2ddc
_cUR
_h840
_mق د و
999 _c70383
_d70383